| 000 | 00345nam a2200145Ia 4500 | ||
|---|---|---|---|
| 008 | 230917s9999||||xx |||||||||||||| ||und|| | ||
| 040 |
_e53969 _aMAIN |
||
| 041 | _aEnglish | ||
| 082 | _a181.4 S79N | ||
| 100 | _aSastry, Srinivasa | ||
| 245 | 0 | _aNightmare and network | |
| 260 |
_aStanford _bYuganta _c1996 |
||
| 300 | _axi, 118 p. | ||
| 942 | _cBK | ||
| 999 |
_c87784 _d87784 |
||